His last word. (Record no. 6150)

000 -LEADER
fixed length control field 00569nam a2200181 a 4500
001 - CONTROL NUMBER
control field :::00003893$&:&@@
003 - CONTROL NUMBER IDENTIFIER
control field OkBaRHE
005 - DATE AND TIME OF LATEST TRANSACTION
control field 20000607103314.0
008 - FIXED-LENGTH DATA ELEMENTS--GENERAL INFORMATION
fixed length control field s1896 j 000 0 eng u
040 ## - CATALOGING SOURCE
Transcribing agency
100 1# - MAIN ENTRY--PERSONAL NAME
Personal name Baxter, M.
245 10 - TITLE STATEMENT
Title His last word.
260 ## - PUBLICATION, DISTRIBUTION, ETC. (IMPRINT)
Place of publication, distribution, etc London, UK:EN., :
Name of publisher, distributor, etc Christian Herald Office
Date of publication, distribution, etc c1896
300 ## - PHYSICAL DESCRIPTION
Extent 393 p. ;
Dimensions 17 cm.
650 ## - SUBJECT ADDED ENTRY--TOPICAL TERM
Topical term or geographic name as entry element Bible New Testament Revelation
General subdivision Criticism, Interpretation, etc.
942 ## - ADDED ENTRY ELEMENTS (KOHA)
Source of classification or shelving scheme
Koha item type Books
Copies
Date acquired Current Location Withdrawn status Source of classification or shelving scheme Not for loan Lost status Price effective from Copy number Full call number Shelving location Barcode Date last seen Koha item type Damaged status Permanent Location
2010-04-14RHEMA Bible Training College    2010-04-141BS 2825 .B295General Stacks38932018-04-03Books RHEMA Bible Training College